Concentración y trasnacionalización: tendencias durante los últimos veinte años (Fotocopia parcial)

Сохранить в:
Библиографические подробности
Главный автор: Trajtenberg, Raúl
Формат: Текст
Опубликовано: s.l.: s.e.
Метки: Добавить метку
Нет меток, Требуется 1-ая метка записи!

MARC

LEADER 00000 a a2200000 04500
001 23692
003
040
090 |a 165800  
100 |a Trajtenberg, Raúl  
245 |a Concentración y trasnacionalización: tendencias durante los últimos veinte años (Fotocopia parcial)  
260 |a s.l.:   |b s.e.  
300 |a pp. 133-160; 3, 1 copias  
999 |c 1354  |d 1354